Missing Word: Girl Groups Quiz Stats

 Plays Quiz Updated Nov 21, 2015

Challenge
Share
Tweet
Embed
Score 0/20 Timer 04:00
0 Plays Today
Song Missing Word % Correct
Walk Like An _____Egyptian
94.2%
I Wanna Be The _____ OneOnly
68.2%
Boogie Woogie _____ BoyBugle
66.9%
_____ A MinuteWait
59.3%
_____ SummerCruel
40.6%
Slow _____Hand
37.1%
I Hear A _____Symphony
32.3%
_____ ManWhatta
24.1%
Everybody Loves A _____Lover
23.9%
He's The Greatest _____Dancer
17.2%
Song Missing Word % Correct
_____ ForeverViva
17.1%
Lose My _____Breath
13.3%
Pure _____Shores
11%
Blame It On The _____Weatherman
8.9%
Cool _____ Jerk
6.1%
_____ On YouDiggin'
5.9%
_____ Like TwinsEyes
5.2%
Moon _____Shadow
4.5%
No _____ Like UsPlace
4.3%
_____ Me 911Beep
3.7%

Today's Daily Dose

You're not logged in!

Compare scores with friends on all Sporcle quizzes.
Join for Free
OR
Log In

You Might Also Like...

Show Comments

Extras

Top Quizzes Today


Score Distribution

Your Account Isn't Verified!

In order to create a playlist on Sporcle, you need to verify the email address you used during registration. Go to your Sporcle Settings to finish the process.

Report this User

Report this user for behavior that violates our Community Guidelines.

Details: